000 00832nam a2200229Ia 4500
005 20250108124906.0
008 008 250107s9999 xx 000 0 hin d
020 _a978-93-92779-50-3
037 _aTB
040 _aCRL
_bhin
_cCRL
041 _ahin
_2hin
084 _aO152,3N43x Q3
084 _qCRL
100 _aमाहेश्वरी, सरला, ले.
245 0 _aप्रेम करके तो देख !
_cमाहेश्वरी, सरला, ले.
260 _aबीकानेर, भारत
_bसूर्य प्रकाशन मन्दिर
_c2574
300 _a136पृ0
365 _aINR
_b235
650 _aहिन्दी कविताहिन्दी साहित्य
_9729733
942 _cTB
_hO152,3N43x Q3
999 _c1234962
_d1234962